00565nam a22001937a 450000500170000001000130001702000220003003500130005203700160006504000120008108200170009310000170011024500350012726000330016227000410019530000220023665000460025865000670030420170124110148.0 aB-098715 c75.00a8122502865 aB-098715 bCen Lib/Ret aDPLbEN a343.540bMIT aMittal, J. K aService tax /cby J. K. Mittal aAllahabadbKitab Mahalc2003 a22-A, Sarojini Naidu MargbAllahabad a172p. c21cm(pbk) aSales tax -- Law and legislation -- India aService industries -- Taxation -- Law and legislation -- India